[Event "Moscow Smyslov-C"]
[Site "Moscow"]
[Date "2025.06.09"]
[Round "8"]
[White "Shilyaev, Makariy"]
[Black "Shevtsov, Demyan"]
[Result "0-1"]
[WhiteElo "1796"]
[BlackElo "1770"]
[PlyCount "80"]
[EventDate "2025.06.02"]
[EventType "swiss"]
[EventRounds "8"]
[EventCountry "RUS"]
[SourceTitle "CB29_2025"]
[SourceDate "2025.07.16"]
[SourceVersion "1"]
[SourceVersionDate "2025.07.16"]
[SourceQuality "1"]

1. e4 e6 2. d4 d5 3. Nc3 Nf6 4. e5 Nfd7 5. f4 c5 6. Nf3 Nc6 7. Be3 a6 8. Qd2 b5 9. dxc5 Bxc5 10. Bxc5 Nxc5 11. Nd4 Nxd4 12. Qxd4 Qb6 13. Rd1 b4 14. Nb1 a5 15. c4 Bb7 16. Nd2 0-0 17. Be2 Rfd8 18. 0-0 Qc7 19. Qf2 d4 20. Qh4 d3 21. Bf3 Bxf3 22. Rxf3 Rd4 23. Rh3 h6 24. Qg3 Rad8 25. b3 Ne4 26. Qe3 Qc6 27. Nxe4 Rxe4 28. Rxd3 Rxd3 29. Qxd3 Qc5+ 30. Kf1 Rxf4+ 31. Rf3 Rxf3+ 32. Qxf3 Qxe5 33. Qa8+ Kh7 34. Kf2 Qb2+ 35. Kg3 Qxa2 36. Qe4+ f5 37. Qxe6 Qxb3+ 38. Kf4 Qc2 39. h4 b3 40. h5 Qe4+ 0-1

[Event "Moscow Smyslov-C"]
[Site "Moscow"]
[Date "2025.06.08"]
[Round "7"]
[White "Voronin, Sergey Yur"]
[Black "Shilyaev, Makariy"]
[Result "1/2-1/2"]
[WhiteElo "1634"]
[BlackElo "1796"]
[PlyCount "79"]
[EventDate "2025.06.02"]
[EventType "swiss"]
[EventRounds "8"]
[EventCountry "RUS"]
[SourceTitle "CB29_2025"]
[SourceDate "2025.07.16"]
[SourceVersion "1"]
[SourceVersionDate "2025.07.16"]
[SourceQuality "1"]

1. e4 e5 2. Nf3 Nc6 3. Nc3 Nf6 4. h3 Bb4 5. Bd3 d5 6. Nxd5 Nxd5 7. exd5 Qxd5 8. 0-0 0-0 9. Re1 Qd6 10. Be4 Re8 11. c3 Ba5 12. Bxc6 bxc6 13. Qa4 Bb6 14. d4 e4 15. Ne5 Bb7 16. Rxe4 Qd5 17. Re3 c5 18. Nf3 Bc6 19. Qd1 cxd4 20. cxd4 Qh5 21. Rxe8+ Rxe8 22. Be3 Bxf3 23. Qxf3 Qxf3 24. gxf3 Rd8 25. Rd1 Rd5 26. Rc1 Kf8 27. Rc4 Ke7 28. Kf1 Kd7 29. b4 a5 30. bxa5 Rxa5 31. a4 f6 32. Bd2 Rd5 33. Bc3 Kc8 34. Kg2 Kd7 35. f4 g6 36. Kg3 c6 37. Kg4 Kc7 38. Bb2 Kd7 39. Ba1 Rf5 40. Bb2 1/2-1/2

[Event "Moscow Smyslov-C"]
[Site "Moscow"]
[Date "2025.06.07"]
[Round "6"]
[White "Shilyaev, Makariy"]
[Black "Davydenya, Mikhail"]
[Result "1-0"]
[WhiteElo "1796"]
[BlackElo "1676"]
[PlyCount "117"]
[EventDate "2025.06.02"]
[EventType "swiss"]
[EventRounds "8"]
[EventCountry "RUS"]
[SourceTitle "CB29_2025"]
[SourceDate "2025.07.16"]
[SourceVersion "1"]
[SourceVersionDate "2025.07.16"]
[SourceQuality "1"]

1. e4 c5 2. Nf3 d6 3. d4 cxd4 4. Nxd4 Nf6 5. Nc3 a6 6. Be3 Ng4 7. Bg5 h6 8. Bh4 g5 9. Bg3 Bg7 10. h3 Ne5 11. Be2 Nbc6 12. Nb3 Be6 13. Nd5 b5 14. c3 Rc8 15. h4 Nc4 16. Bxc4 bxc4 17. Nd2 Bxd5 18. exd5 Ne5 19. Bxe5 dxe5 20. hxg5 Qxd5 21. Qg4 Qd7 22. Qf3 Qb5 23. g6 fxg6 24. 0-0 Rf8 25. Qg4 Rc6 26. a4 Qb8 27. Qe4 Qc7 28. Rfe1 Rf4 29. Qe2 Kf7 30. g3 Rf5 31. a5 Rh5 32. Ra4 Qd7 33. Rxc4 Rd6 34. Ne4 Rd5 35. Qf3+ Rf5 36. Qe3 Rd3 37. Qe2 Rh5 38. Qf1 Rf3 39. Rd1 Qf5 40. Qg2 Rh3 41. g4 Qe6 42. Ng3 Qxc4 43. Qxf3+ Qf4 44. Kg2 Rh4 45. Qxf4+ exf4 46. Ne4 Rxg4+ 47. Kh3 Rg5 48. Nxg5+ hxg5 49. Kg4 Kf6 50. Rd7 Bf8 51. Ra7 e6 52. Rxa6 Bc5 53. f3 Ke5 54. b4 Be3 55. Rc6 Kd5 56. Rc8 Ke5 57. b5 Bd2 58. b6 Be3 59. b7 1-0